| 000 | 00828nam 22002413 4500 | ||
|---|---|---|---|
| 001 | 199263 | ||
| 021 |
_aPT _b83919 |
||
| 090 | _a199263 | ||
| 100 | _a20251126d u||y0pory50 ba | ||
| 101 | _apor | ||
| 102 | _aPT | ||
| 200 |
_aO Senhor Custódio _fRaul Brandão _gDesenhos de Mário Botas |
||
| 210 |
_a[S. L.] _cQuetzal Editores / Fundação Casa-Museu Mário Botas _d[S. I.] |
||
| 215 |
_a27, [5] p. : il. _cBrochado _d24 cm |
||
| 225 | _aO Encantador de Serpentes | ||
| 300 | _aConto | ||
| 606 |
_99161 _aLiteratura Infantil Portuguesa _xContos |
||
| 675 |
_a821.134.3-34-93/BRA/SEN _vPT _zpor |
||
| 700 |
_91373 _aBrandão _bRaul _f1867-1930 |
||
| 702 |
_aBotas _bMário Ferreira da Silva _cArtista plástico _f1952-1983 _913862 |
||
| 801 |
_aPT _bBMMN _gRPC |
||
| 830 |
_cCarlos Pinto _d26-11-2025 e 22-01-2026 _fCarlos Pinto |
||
| 990 | _cLIVROS | ||